Central Library OPAC University of Rajshahi

বেদান্তসার / (Record no. 39982)

MARC details
000 -LEADER
fixed length control field 01180nam a2200253 a 4500
001 - CONTROL NUMBER
control field 39982
003 - CONTROL NUMBER IDENTIFIER
rucl marc code BD-RjUL
005 - DATE AND TIME OF LATEST TRANSACTION
control field 20211209053118.0
008 - FIXED-LENGTH DATA ELEMENTS--GENERAL INFORMATION
fixed length control field 160420m19941982ii ||||| |||| 00| 0 ben d
020 ## - INTERNATIONAL STANDARD BOOK NUMBER
Terms of availability : Tk.45.00
035 ## - SYSTEM CONTROL NUMBER
System control number (BD-RjUL)40096
040 ## - CATALOGING SOURCE
Original cataloging agency BD-RjUL
Language of cataloging ben
Transcribing agency BD-RjUL
041 ## - LANGUAGE CODE
Language code of text/sound track or separate title ben
082 ## - DEWEY DECIMAL CLASSIFICATION NUMBER
Edition number 23
Classification number 294.5921
Author mark and year SRV 1994
100 ## - MAIN ENTRY--PERSONAL NAME
Personal name শ্রীশ্রীসদানন্দযোগীন্দ্রসরস্বতী
9 (RLIN) 123146
245 10 - TITLE STATEMENT
Title বেদান্তসার /
Statement of responsibility, etc. শ্রীশ্রীসদানন্দযোগীন্দ্রসরস্বতী, অনুবাদক ও ব্যাখ্যাতা বিপদভঞ্জন পাল
250 ## - EDITION STATEMENT
Edition statement সংঃ পুঃ ভাঃ সং. ১৯৯৪
260 ## - PUBLICATION, DISTRIBUTION, ETC. (IMPRINT)
Place of publication, distribution, etc. কলিকাতা :
Name of publisher, distributor, etc. সংস্কৃত পুস্তক ভান্ডার,
Date of publication, distribution, etc. ১৯৯৪
300 ## - PHYSICAL DESCRIPTION
Pagination (i), ২২৬ পৃ. ;
Size ২২ সেমি.
650 ## - SUBJECT ADDED ENTRY--TOPICAL TERM
Topical term or geographic name as entry element বেদ সাহিত্য
9 (RLIN) 123147
Topical term or geographic name as entry element Vedic literature
9 (RLIN) 118429
700 ## - ADDED ENTRY--PERSONAL NAME
Personal name পাল, বিপদভঞ্জন, অনুবাদক ও ব্যাখ্যাতা
942 ## - ADDED ENTRY ELEMENTS (KOHA)
Source of classification or shelving scheme Dewey Decimal Classification
Koha item type Books
Holdings
Lost status Source of classification or shelving scheme Damaged status Not for loan Collection code Permanent Location Current Location Shelving location Date acquired Source of acquisition Cost, normal purchase price Total Checkouts Full call number Date last seen Copy number Koha item type
  Dewey Decimal Classification   Not For Loan Non-fiction Central Library, University of Rajshahi Central Library, University of Rajshahi Reading Room 27/08/1996 D: BA: LA: Raj. 63.00   B 294.5921 SRV 1994 20/04/2016 C-1 Books
  Dewey Decimal Classification   Not For Loan Non-fiction Central Library, University of Rajshahi Central Library, University of Rajshahi   27/05/1996 D: BA: LA: Raj. 63.00   B 294.5921 SRV 1994 03/05/2016 C-2 Books
  Dewey Decimal Classification     Non-fiction Central Library, University of Rajshahi Central Library, University of Rajshahi   27/05/1996 D: BA: LA: Raj. 63.00   B 294.5921 SRV 1994 03/05/2016 C-3 Books
  Dewey Decimal Classification     Non-fiction Central Library, University of Rajshahi Central Library, University of Rajshahi   27/08/1996 D: BA: LA: Raj. 63.00   B 294.5921 SRV 1994 03/05/2016 C-4 Books
  Dewey Decimal Classification     Non-fiction Central Library, University of Rajshahi Central Library, University of Rajshahi   27/08/1996 D: BA: LA: Raj. 63.00   B 294.5921 SRV 1994 03/05/2016 C-5 Books
  Dewey Decimal Classification     Non-fiction Central Library, University of Rajshahi Central Library, University of Rajshahi   27/08/1996 D: BA: LA: Raj. 63.00   B 294.5921 SRV 1994 03/05/2016 C-6 Books
  Dewey Decimal Classification     Non-fiction Central Library, University of Rajshahi Central Library, University of Rajshahi   27/05/1996 Uttar Bongo Library, Rajshahi 63.00   B 294.5921 SRV 1994 29/05/2016 C-7 Books
  Dewey Decimal Classification     Non-fiction Central Library, University of Rajshahi Central Library, University of Rajshahi   27/08/1996 Uttar Bongo Library, Rajshahi 45.00   B 294.5921 SRV 1994 18/07/2016 C-8 Books
  Dewey Decimal Classification     Non-fiction Central Library, University of Rajshahi Central Library, University of Rajshahi   27/08/1996 D: BA: LA: Raj. 63.00   B 294.5921 SRV 1994 04/05/2017 C-9 Books